Filozofia vedy v klasickom pragmatizme

Vymedzenie pojmu veda. Pragmatizmus a veda. Pragmatizmus a logický pozitivizmus. Filozofia vedy v klasickom pragmatizme.

Uložené v:
Podrobná bibliografia
Hlavný autor: Višňovský, Emil
Médium: Kapitola
Jazyk:Slovak
Predmet:
Tagy: Pridať tag
Žiadne tagy, Buďte prvý, kto otaguje tento záznam!

MARC

LEADER 00000naa a2200000 4500
001 0242730
005 20180510080233.8
041 0 |a slo 
044 |a SK 
245 1 0 |a Filozofia vedy v klasickom pragmatizme  |c Emil Višňovský 
520 |a Vymedzenie pojmu veda. Pragmatizmus a veda. Pragmatizmus a logický pozitivizmus. Filozofia vedy v klasickom pragmatizme. 
610 2 0 |a filozofia 
610 2 0 |a veda 
610 2 0 |a logika 
610 2 0 |a pojmy 
100 1 |a Višňovský, Emil